000 00507pab a2200193 454500
008 180718b2009 xxu||||| |||| 00| 0 eng d
100 _aKhandker, Shahidur R.
245 _aThe poverty impact of rural roads: evidence from Bangladesh
260 _c2009
300 _ap.685-722.
362 _aJul
650 _aRoads - Bangladesh
650 _aRoads
700 _aKoolwal, Gayatri B.
700 _aBakht, Zaid
773 _aEconomic Development and Cultural Change
908 _aN
909 _a82855
999 _c82855
_d82855